000 00467nam a2200145Ia 4500
008 151021s9999 xx 000 0 und d
020 _a9.7804702398e+012
050 _aHF 5635.K538 2009
245 _a_Financial accounting tools for business decicion making Paul D Kimmel
260 _aNew Jersey John Wiley &sons 2009
300 _axxx,717,l-17p.;ill
650 _a_Financial accounting
700 _a_Jerry J weygandt
980 _a^d20130507 04:13:47^oanne
999 _c13090
_d13090